000 01376nam a2200313 i 4500
003 OSt
005 20251116112022.0
008 251116s20232023enka jr 000 0 eng d
020 _a9780241452882
_cRM 62.50
_qpaperback
040 _aPPAK
_beng
_cPPAK
_erda
082 0 4 _223
_a570
090 0 0 _a570
_bWOO
_dK
100 1 _aWoollard, Elli,
_eauthor.
245 1 0 _aLife /
_cElli Woollard ; Illustrated by Dorien Brouwers.
264 1 _aLondon :
_bPuffin,
_c2023
300 _a1 volume (unpaged) :
_bcolour illustrations ;
_c30 cm
336 _atext
_2rdacontent
337 _aunmediated
_2rdamedia
338 _avolume
_2rdacarrier
500 _aThe Story of life on Earth -- cover page
520 _a"From tiny dots of microscopic bacteria to enormous dinosaurs, through Ice Ages and the gallop of evolution, Elli Woollard's lyrical text is a pitch-perfect blend of storytelling, science and wonder. Life will fascinate and entertain the curious child, with Dorien Brouwers' immersive artwork heightening the beauty and inspiring awe in readers young and old."--Publisher's website
650 1 0 _aLife (Biology)
_vJuvenile literature
650 2 0 _aEarth (Planet)
_vJuvenile literature
655 _aPicture books
655 _aPictorial works
655 _aJuvenile literature
700 1 _aBrouwers, Dorien,
_eillustrator.
942 _2ddc
_cB
999 _c201564
_d201564